| 000 | 01262nam a22002297a 4500 | ||
|---|---|---|---|
| 003 | BUBTL | ||
| 008 | 240113b ||||| |||| 00| 0 eng d | ||
| 020 | _a9789840423866 | ||
| 041 | _aben | ||
| 082 | _a954.92/ Ah52b/ 1997 | ||
| 245 |
_aবাংলাদেশের মুক্তিসংগ্রামের ইতিহাস ১৯৪৭-১৯৭১ / _cসালাহ্উদ্দীন আহমদ, মোনায়েম সরকার, নুরুল ইসলাম মঞ্জর |
||
| 250 | _a1st ed. | ||
| 260 |
_aঢাকা : _bআগামী প্রকাশনী, _cc1997 |
||
| 300 |
_a408 p.: _c22 cm |
||
| 505 | _aবাংলাদেশের মুক্তিসংগ্রামের ইতিহাস ১৯৪৭-১৯৭১, মুক্তিযুদ্ধ, সালাহ্উদ্দীন আহমদ, মোনায়েম সরকার, নুরুল ইসলাম মঞ্জর | ||
| 650 | 0 |
_91755 _aমুক্তিযুদ্ধ |
|
| 700 |
_95639 _aআহমদ, সালাহ্উদ্দীন |
||
| 700 |
_95640 _aসরকার, মোনায়েম |
||
| 856 |
_k0 _l0 _yDownload |
||
| 942 |
_2ddc _cBK |
||
| 999 |
_c7190 _d7190 |
||